Statistics for 5 Случайных флагов с крестами

Click here to take the quiz!

General Stats

  • This quiz has been taken 555 times
  • The average score is 4 of 5

Answer Stats

Answer% Correct
грузия
92%
финляндия
91%
греция
91%
великобритания
90%
дания
89%
швейцария
89%
австралия
89%
швеция
88%
норвегия
88%
новая зеландия
84%
ямайка
83%
мальта
79%
исландия
79%
фиджи
58%
тонга
51%
доминиканская республика
44%
доминика
41%
тувалу
38%

Score Distribution

Percentile by Number Answered

Percent of People with Each Score

Your Score History

You have not taken this quiz